| 000 | 00412nam a2200181Ia 4500 | ||
|---|---|---|---|
| 005 | 20250423100048.0 | ||
| 008 | 250422s9999 xx 000 0 und d | ||
| 020 | _a0-19-512773-0 | ||
| 050 | _aE178.3.H22 | ||
| 100 | _aJoy Hakim | ||
| 245 | 0 | _aMaking Thirteen Colonies | |
| 250 | _a2nd ed. | ||
| 260 | _aNey York | ||
| 260 | _bOxford University Press | ||
| 260 | _c1993 | ||
| 300 | _a167 p | ||
| 942 | _cBK | ||
| 999 |
_c32171 _d32171 |
||